000
00255nam a22001097a 4500
008
231130b |||||||| |||| 00| 0 eng d
100
_a
Uday, Bhanu Singh
_9
7057
245
_a
Bhartiya Kavya Shastra
260
_b
Samayik Pub
300
_a
264p
942
_c
BK
999
_c
40426
_d
40426